[Event "2024 British Rapidplay Championship"]
[Site "Holiday Inn Peterborough - West"]
[Date "2024.03.02"]
[Round "6.90"]
[White "Singha, Swati"]
[Black "Zeynalli, Nial"]
[Result "1-0"]
[WhiteFideId "45013004"]
[BlackFideId "343404332"]
[WhiteElo "1648"]
[BlackElo "1527"]
[EventDate "2024.03.02"]

1. e4 c5 2. Nc3 Nc6 3. Nf3 d6 4. a3 Nf6 5. Bc4 g6 6. d3 Bg7 7. Bd2 O-O 8. h3 a6 9.
O-O b5 10. Ba2 Bb7 11. Nh2 h5 12. f4 e6 13. f5 exf5 14. exf5 Kh7 15. Bg5 Bh6 16.
Bxh6 Kxh6 17. Qd2+ Kg7 18. Nf3 d5 19. Qg5 c4 20. fxg6 fxg6 21. Nh4 Ne7 22. Rae1 Qb6+
23. Kh1 Qd6 24. Rxe7+ Qxe7 25. Nf5+ Kf7 26. Nxe7 Kxe7 27. Re1+ Kf7 28. Qe5 Rac8 29.
Qe6+ Kg7 30. Qb6 Rb8 31. Qc7+ Kh6 32. Re7 d4 33. Ne4 Nxe4 34. Rh7+ Kg5 35. dxe4 Kh4
36. Kh2 Rf2 37. Qg3# 1-0

[Event "2024 British Rapidplay Championship"]
[Site "Holiday Inn Peterborough - West"]
[Date "2024.03.02"]
[Round "6.91"]
[White "Caraway, Samuel"]
[Black "Kulibaev, Richard"]
[Result "1-0"]
[WhiteFideId "444766"]
[BlackFideId "343406050"]
[WhiteElo "1834"]
[BlackElo "1503"]
[EventDate "2024.03.02"]

1. g4 e5 2. Bg2 d5 3. c4 d4 4. b4 Bxg4 5. Bxb7 Nd7 6. Bxa8 Qxa8 7. f3 Bf5 8. a3 Qc6
9. d3 Qg6 10. Kf1 h5 11. h4 Qe6 12. e4 dxe3 13. Bxe3 Qf6 14. Ra2 e4 15. dxe4 Bxe4
16. Re2 Bxf3 17. Nxf3 Qxf3+ 18. Bf2+ Kd8 19. Re8+ Kxe8 20. Qxf3 Ngf6 21. Kg2 Ne5
22. Re1 Bd6 23. Qa8+ Kd7 24. Qxh8 Nd3 25. Rd1 Nf4+ 26. Kh1 Ne4 27. Be1 Nh3 28. Kg2
Nf4+ 29. Kf3 Ng6 30. Qxg7 Ke6 31. Nc3 Be5 32. Qxe5+ Nxe5+ 33. Kxe4 f5+ 34. Kd4 Nc6+
35. Ke3 Ne5 36. Rd4 c6 37. Bg3 Nf3 38. Kxf3 Kf7 39. Rd6 1-0

[Event "2024 British Rapidplay Championship"]
[Site "Holiday Inn Peterborough - West"]
[Date "2024.03.02"]
[Round "6.92"]
[White "Borgars, Alan"]
[Black "Waterman, Nick I"]
[Result "1-0"]
[WhiteFideId "343433880"]
[BlackFideId "443123"]
[WhiteElo "1522"]
[BlackElo "1667"]
[EventDate "2024.03.02"]

1. e4 e6 2. d4 d5 3. Nc3 dxe4 4. Nxe4 Nd7 5. Nf3 Ngf6 6. Bg5 Be7 7. Nxf6+ Nxf6 8.
Bd3 O-O 9. c3 b6 10. Qe2 Bb7 11. O-O-O c5 12. h4 cxd4 13. Nxd4 Rc8 14. Kb1 Qc7 15.
h5 h6 16. Be3 a5 17. Rh3 Bd6 18. Nb5 Qe7 19. Nxd6 Qxd6 20. Bh7+ Kxh7 21. Rxd6 Bxg2
22. Rg3 Bd5 23. Rxb6 Ne4 24. Rg1 Rxc3 25. Qg4 Rg8 26. bxc3 Nxc3+ 27. Kc2 Ne4 28.
Rb8 Nf6 29. Rxg8 Nxg4 30. Rf8 Be4+ 31. Kc3 Ne5 32. Bd4 f6 33. Bxe5 fxe5 34. Re1 Bd5
35. Rxe5 Bxa2 36. Rxa5 Bd5 37. Rb5 Bc6 38. Rbb8 g6 39. Rh8+ Kg7 40. Rbg8+ Kf6 41.
Rxg6+ Kf5 42. Rhxh6 Bd5 43. Kd4 Kf4 44. Rg3 Kf5 45. Rh8 Kf6 46. Rd8 Ke7 47. Rxd5
exd5 48. Kc5 1-0

[Event "2024 British Rapidplay Championship"]
[Site "Holiday Inn Peterborough - West"]
[Date "2024.03.02"]
[Round "6.93"]
[White "Butler, Rene"]
[Black "Hristov, Georgi"]
[Result "0-1"]
[WhiteFideId "486922"]
[BlackFideId "5901766"]
[WhiteElo "1497"]
[BlackElo "1654"]
[EventDate "2024.03.02"]

1. b4 e5 2. Bb2 d6 3. e3 Be6 4. c4 Nf6 5. a3 Be7 6. Be2 Nbd7 7. Nf3 O-O 8. O-O b6
9. d3 Re8 10. Nbd2 Nf8 11. Ng5 Qd7 12. Nxe6 Qxe6 13. Nf3 h6 14. Qc2 N6h7 15. Rfe1
Ng5 16. Nxg5 Bxg5 17. h3 Rad8 18. Bg4 f5 19. Bh5 Re7 20. f4 Bf6 21. Bf3 Ng6 22. Bd5
Kh7 23. Bxe6 Rxe6 24. fxe5 dxe5 25. Rf1 f4 26. exf4 exf4 27. Bxf6 Rxf6 28. g3 Kh8
29. gxf4 Nxf4 30. Rxf4 Rxf4 31. Rf1 Rfd4 32. Rf3 a6 33. Kf2 Re8 34. Qc3 Rd7 35. c5
b5 36. Qb3 Rde7 37. Qd1 c6 38. Qd2 Kg8 39. Re3 Rf7+ 40. Rf3 Rfe7 41. d4 Rd7 42. Qf4
Rde7 43. Qd2 Rd7 44. Qa2+ Kh8 45. Qb2 Kg8 46. Qb3+ Kh8 47. Qc3 Kg8 48. Kg3 Kh7 49.
Qd3+ Kg8 50. Qf5 Rde7 51. d5 g6 52. Qg4 cxd5 53. Qd4 Re5 54. Kh2 Re2+ 55. Kg3 R8e5
56. c6 Rg5+ 57. Kf4 Rf5+ 58. Kg3 Rg5+ 59. Qg4 Rxg4+ 60. Kxg4 Rc2 61. Rf6 Rc4+ 62.
Kg3 Kg7 63. Rd6 d4 64. Rd7+ Kf6 65. c7 Kg5 66. Rg7 Rc3+ 67. Kf2 Kf6 68. Ke2 Kxg7
69. Kd2 Rxc7 70. Kd3 Rd7 0-1

[Event "2024 British Rapidplay Championship"]
[Site "Holiday Inn Peterborough - West"]
[Date "2024.03.02"]
[Round "6.94"]
[White "Casti, Cristina"]
[Black "Darbost, Fabien"]
[Result "0-1"]
[WhiteFideId "2819045"]
[BlackFideId "343407200"]
[WhiteElo "1495"]
[BlackElo "1615"]
[EventDate "2024.03.02"]

1. e4 e5 2. d4 exd4 3. c3 Nc6 4. cxd4 d5 5. Nc3 Bb4 6. Nf3 dxe4 7. Ng5 Qxd4 8. Qxd4
Nxd4 9. Kd2 Nf6 10. Bc4 Be6 11. Bxe6 Nxe6 12. Nxe6 fxe6 13. Re1 Bxc3+ 14. Kxc3 O-O-O
15. h3 Rhf8 16. Be3 Nd5+ 17. Kc2 Nxe3+ 18. Rxe3 Rxf2+ 19. Kc3 Rxg2 20. Rxe4 Rg3+
21. Kc4 Rd6 22. Rh1 Rg2 23. Rb1 Rb6 24. Kc3 Rg3+ 25. Kd4 Rb4+ 26. Ke5 Rxe4+ 27. Kxe4
Rxh3 28. Rg1 Rh2 29. Rxg7 Rxb2 30. Rxh7 Rxa2 31. Ke5 b6 32. Kxe6 Kb7 33. Kd7 Rc2
34. Ke6 a5 35. Kd5 a4 36. Rh1 b5 37. Kd4 Kb6 38. Kd3 Rc6 39. Rh8 Kb7 40. Rh5 Kb6
41. Rh4 a3 42. Rb4 a2 0-1

[Event "2024 British Rapidplay Championship"]
[Site "Holiday Inn Peterborough - West"]
[Date "2024.03.02"]
[Round "6.95"]
[White "Keshari, Rohit"]
[Black "Ou, Siyao"]
[Result "1-0"]
[WhiteFideId "497088"]
[BlackFideId "343405649"]
[WhiteElo "1590"]
[BlackElo "1480"]
[EventDate "2024.03.02"]

1. d4 e6 2. e3 d5 3. f4 c5 4. c3 Nc6 5. Nf3 Qb6 6. Bd3 Nh6 7. Ne5 Nxe5 8. fxe5 cxd4
9. exd4 Be7 10. O-O Bd7 11. Qh5 Nf5 12. g4 g6 13. Qh3 Ng7 14. Bh6 Rg8 15. Qf3 Nf5
16. Bc1 Rg7 17. gxf5 gxf5+ 18. Kh1 O-O-O 19. a4 f6 20. a5 Qc7 21. exf6 Bxf6 22. Bf4
e5 23. dxe5 Bxe5 24. Bxe5 Qxe5 25. Bxf5 Qd6 26. Bxd7+ Rdxd7 27. Na3 Qe6 28. Rae1
Qg6 29. Qf8+ Rd8 30. Qf5+ Qxf5 31. Rxf5 a6 32. Rd1 Rgd7 33. Nc2 Kc7 34. Nb4 Kb8 35.
Rfxd5 Rxd5 36. Rxd5 Re8 37. Rd2 Rc8 38. Nd5 Rd8 39. Rd4 Ka7 40. Nf6 Re8 41. Nxe8
b6 42. Rd7+ Kb8 43. axb6 a5 44. Rxh7 a4 45. Nf6 a3 46. bxa3 Kc8 47. a4 Kb8 48. Ne8
Kc8 49. Nd6+ Kb8 50. Rh8# 1-0

[Event "2024 British Rapidplay Championship"]
[Site "Holiday Inn Peterborough - West"]
[Date "2024.03.02"]
[Round "6.97"]
[White "Arun, Saiarya"]
[Black "Yu, Robin"]
[Result "0-1"]
[WhiteFideId "343412548"]
[BlackFideId "343401333"]
[WhiteElo "1485"]
[BlackElo "1554"]
[EventDate "2024.03.02"]

1. e4 e6 2. d4 d5 3. exd5 exd5 4. c4 c6 5. Bf4 Nf6 6. Nc3 Bd6 7. Bxd6 Qxd6 8. Nf3
O-O 9. Bd3 Re8+ 10. Ne2 Bg4 11. Nd2 Nbd7 12. O-O c5 13. dxc5 Nxc5 14. f3 Nxd3 15.
fxg4 Nxb2 16. Qc2 Nxc4 17. Nxc4 Qc5+ 18. Kh1 Qxc4 19. Qxc4 dxc4 20. Nf4 Nxg4 21.
Nd5 Rab8 22. Rac1 b5 23. Rc3 Re2 24. Rcf3 f6 25. Rg3 Nf2+ 26. Kg1 Ne4 27. Ra3 Rb7
28. Rb1 Nc5 29. Nc3 Rd2 30. Rxb5 Rxb5 31. Nxb5 a6 32. h3 axb5 33. Ra8+ Kf7 34. Ra7+
Kg6 35. Ra5 Rb2 0-1

[Event "2024 British Rapidplay Championship"]
[Site "Holiday Inn Peterborough - West"]
[Date "2024.03.02"]
[Round "6.98"]
[White "Mehta, Hatle"]
[Black "Dupuis, Daniel"]
[Result "0-1"]
[WhiteFideId "488003"]
[BlackFideId "343410529"]
[WhiteElo "1447"]
[BlackElo "1542"]
[EventDate "2024.03.02"]

1. d4 c6 2. Bf4 Nf6 3. e3 d5 4. c3 Bf5 5. Bd3 Bxd3 6. Qxd3 e6 7. Bg5 h6 8. Bh4 Be7
9. Nd2 Nbd7 10. Ngf3 O-O 11. O-O c5 12. Bxf6 Nxf6 13. Ne5 c4 14. Qc2 Nd7 15. Ndf3
Bd6 16. Nxd7 Qxd7 17. Rfe1 b5 18. a4 b4 19. a5 b3 20. Qe2 f5 21. Nh4 g5 22. Ng6 Rf6
23. Ne5 Bxe5 24. dxe5 Rg6 25. Qh5 Qg7 26. g3 f4 27. exf4 gxf4 28. Qf3 Rf8 29. Qg2
f3 30. Qh3 Rf5 31. Re3 h5 32. Rae1 Qh6 33. Kh1 Qh7 34. Qh4 Rgg5 35. Qh3 Rg4 36. Qf1
h4 37. a6 hxg3 38. fxg3 Rxg3 39. Qf2 Rg2 40. Rg1 Qxh2# 0-1

[Event "2024 British Rapidplay Championship"]
[Site "Holiday Inn Peterborough - West"]
[Date "2024.03.02"]
[Round "6.100"]
[White "Hutchinson, Stephen A"]
[Black "Gunarathne, Miheli"]
[Result "1-0"]
[WhiteFideId "488186"]
[BlackFideId "343409504"]
[WhiteElo "1122"]
[BlackElo "1441"]
[EventDate "2024.03.02"]

1. d4 d5 2. Nf3 Nf6 3. Bf4 Bf5 4. e3 e6 5. Nbd2 Nbd7 6. Bd3 Bxd3 7. cxd3 Be7 8. O-O
O-O 9. h3 c5 10. Ne5 Nxe5 11. Bxe5 Nd7 12. Qg4 Nxe5 13. dxe5 Rc8 14. d4 cxd4 15.
exd4 Rc2 16. Nf3 Rxb2 17. Rab1 Rxb1 18. Rxb1 b6 19. Rc1 Re8 20. a4 Rf8 21. Ra1 Re8
22. g3 Bb4 23. Nh4 Qd7 24. Nf3 Qd8 25. Ng5 Be7 26. h4 Bxg5 27. hxg5 Qc7 28. Qf4 Qc3
29. Rc1 Qb4 30. Rc7 Qxa4 31. Qxf7+ Kh8 32. Qxg7# 1-0

[Event "2024 British Rapidplay Championship"]
[Site "Holiday Inn Peterborough - West"]
[Date "2024.03.03"]
[Round "7.1"]
[White "Gasanov, Eldar"]
[Black "Davtyan, Artur"]
[Result "0-1"]
[WhiteFideId "14104466"]
[BlackFideId "13308327"]
[WhiteElo "2391"]
[BlackElo "2416"]
[EventDate "2024.03.02"]

1. c4 e6 2. Nc3 d5 3. d4 Nf6 4. Bg5 Be7 5. e3 h6 6. Bh4 O-O 7. Nf3 b6 8. Qc2 Bb7
9. Bxf6 Bxf6 10. cxd5 exd5 11. Rd1 c5 12. dxc5 bxc5 13. Nxd5 Bxd5 14. Qxc5 Bxb2 15.
Rxd5 Qf6 16. Bd3 Na6 17. Qd6 Nb4 18. Qxf6 Bxf6 19. Rd7 Nxa2 20. Bc4 Nc3 21. O-O a5
22. Nd4 Rac8 23. Ba6 Rcd8 24. Rc7 Nd5 25. Rc5 Nb4 26. Be2 Rd5 27. Rxd5 Nxd5 28. Ra1
Nc3 29. Kf1 Rb8 30. Bd3 a4 31. Ra3 Bxd4 32. exd4 Rb3 33. Ra1 a3 34. Ke1 a2 35. Kd2
Nb1+ 36. Ke3 Rb2 37. d5 Kf8 38. Bc4 Na3 39. Kd3 Nxc4 40. Kxc4 Rxf2 41. Kc5 Ke7 42.
Re1+ Kd7 0-1

[Event "2024 British Rapidplay Championship"]
[Site "Holiday Inn Peterborough - West"]
[Date "2024.03.03"]
[Round "7.2"]
[White "Han, Yichen"]
[Black "Royal, Shreyas"]
[Result "0-1"]
[WhiteFideId "1054430"]
[BlackFideId "448869"]
[WhiteElo "2334"]
[BlackElo "2331"]
[EventDate "2024.03.02"]

1. d4 d5 2. c4 dxc4 3. Nf3 Nf6 4. Nc3 a6 5. e4 b5 6. e5 Nd5 7. a4 e6 8. axb5 Nb6
9. Be3 Bb7 10. bxa6 Rxa6 11. Rxa6 Nxa6 12. Nd2 Nb4 13. Nxc4 Nxc4 14. Bxc4 Bxg2 15.
Qa4+ Bc6 16. Bb5 Bxb5 17. Qxb5+ c6 18. Qc4 Qb6 19. O-O Be7 20. b3 O-O 21. Ra1 Qb7
22. Ne4 Nd5 23. Bd2 Rb8 24. Rc1 Qxb3 25. Qxb3 Rxb3 26. Rxc6 h6 27. Nc3 Nxc3 28. Bxc3
Rb1+ 29. Kg2 Rc1 30. Rc4 Ba3 31. Rc7 Bb4 32. d5 Rxc3 33. d6 Rd3 34. Kf1 Rd5 35. f4
Bd2 36. Rc4 f6 37. Ke2 fxe5 38. fxe5 Bg5 0-1

[Event "2024 British Rapidplay Championship"]
[Site "Holiday Inn Peterborough - West"]
[Date "2024.03.03"]
[Round "7.3"]
[White "Martin, Lewis"]
[Black "Roberson, Peter T"]
[Result "1/2-1/2"]
[WhiteFideId "410551"]
[BlackFideId "412384"]
[WhiteElo "2192"]
[BlackElo "2401"]
[EventDate "2024.03.02"]

1. e4 e6 2. d4 d5 3. Nd2 c5 4. exd5 Qxd5 5. dxc5 Nf6 6. Ngf3 Qxc5 7. Bd3 Nbd7 8.
O-O Qc7 9. c3 Be7 10. Nb3 O-O 11. Qe2 b6 12. Bg5 Bb7 13. Rad1 Rad8 14. Rfe1 Rfe8
15. Bh4 Nc5 16. Nxc5 Qxc5 17. Bg3 Qh5 18. Nd4 Qd5 19. f3 Bc5 20. Bf2 e5 21. c4 Qd7
22. Nb5 Bxf2+ 23. Kxf2 Qe7 24. Nc3 g6 25. Kg1 Rd4 26. Nb5 Rd7 27. b3 Nh5 28. Be4
Nf4 29. Qe3 Qg5 30. Qxf4 exf4 31. Rxd7 Bxe4 32. fxe4 f3 33. g3 Rd8 34. Rxd8+ Qxd8
35. Re3 Qd1+ 36. Kf2 Qh1 37. Rxf3 Qxh2+ 38. Ke3 Qxa2 39. Nd4 Qa1 40. e5 h5 41. Ke4
Qe1+ 42. Re3 Qh1+ 43. Nf3 Qh3 44. Nd4 Qg4+ 45. Kd5 Qd7+ 46. Ke4 h4 47. gxh4 Qg4+
48. Kd5 Qxh4 49. e6 Qd8+ 50. Ke4 fxe6 51. Nxe6 Qd6 52. Nf4 g5 53. Nd5 Kg7 54. Kf5
Qg6+ 55. Kg4 Qh6 56. Re7+ Kf8 57. Rxa7 Qh4+ 58. Kf5 Qh3+ 59. Kxg5 Qxb3 60. Kf6 Qf3+
61. Ke5 Qe2+ 62. Kd4 Qf2+ 63. Ke5 Qc5 64. Rc7 Qg1 65. Kd6 Qg6+ 66. Kd7 Qd3 67. Kd6
Qd4 68. Rc6 Kg7 69. Rxb6 Qxc4 70. Rc6 Qd4 71. Rc7+ Kg6 72. Re7 Kf5 73. Rf7+ Kg5 74.
Re7 Kg4 75. Re4+ Qxe4 76. Nf6+ Kf5 77. Nxe4 1/2-1/2

[Event "2024 British Rapidplay Championship"]
[Site "Holiday Inn Peterborough - West"]
[Date "2024.03.03"]
[Round "7.4"]
[White "Toma, Katarzyna"]
[Black "Hebden, Mark L"]
[Result "1/2-1/2"]
[WhiteFideId "1119907"]
[BlackFideId "400084"]
[WhiteElo "2122"]
[BlackElo "2436"]
[EventDate "2024.03.02"]

1. e4 e5 2. Nf3 Nc6 3. Bb5 a6 4. Ba4 Nf6 5. Qe2 Be7 6. c3 b5 7. Bb3 O-O 8. O-O d5
9. exd5 Bg4 10. h3 Bxf3 11. Qxf3 Na5 12. Bc2 Qxd5 13. Qxd5 Nxd5 14. Re1 Bd6 15. Be4
c6 16. d3 Nb7 17. Nd2 Nc5 18. Nf3 Nxe4 19. dxe4 Nb6 20. Be3 Na4 21. Rad1 Rfd8 22.
Bc1 f6 23. Kf1 Kf7 24. Re2 Bc7 25. Red2 Rxd2 26. Rxd2 Ke6 27. Ne1 c5 28. Nc2 c4 29.
Ne3 Nc5 30. Nd5 Bd6 31. f3 Nd3 32. Rc2 f5 33. Be3 Rf8 34. Ke2 fxe4 35. fxe4 Bc5 36.
b3 Bxe3 37. Kxe3 Rf1 38. bxc4 bxc4 39. Nc7+ Kd6 40. Nxa6 Re1+ 41. Kd2 Rb1 42. Nb4
Nxb4 43. cxb4 Rxb4 44. Kc3 Ra4 45. Rd2+ Ke6 46. Rb2 Kf6 47. h4 h5 48. Rb6+ Kf7 49.
Rb7+ Kg6 50. Rb6+ Kh7 51. Rb2 Kh6 52. Rb6+ g6 53. Rb2 Kg7 54. Rb7+ Kf6 55. Rb6+ Kf7
56. Rb7+ Ke8 57. Rb8+ Kd7 58. Rb7+ Kc6 59. Rf7 Rxa2 60. Kxc4 Rc2+ 61. Kd3 Rxg2 62.
Rf6+ Kd7 63. Kc4 Ke7 64. Ra6 Rd2 65. Rxg6 Rd4+ 66. Kc5 Rxe4 67. Kd5 Rxh4 68. Kxe5
Kf7 69. Rg5 Rh3 70. Kf4 Kf6 71. Rf5+ Kg6 72. Rg5+ Kh6 73. Rg8 Rh1 74. Kf3 Ra1 75.
Ke4 1/2-1/2

[Event "2024 British Rapidplay Championship"]
[Site "Holiday Inn Peterborough - West"]
[Date "2024.03.03"]
[Round "7.5"]
[White "Ledger, Andrew J"]
[Black "Larchikov, Maksym"]
[Result "1/2-1/2"]
[WhiteFideId "400610"]
[BlackFideId "34120815"]
[WhiteElo "2376"]
[BlackElo "1981"]
[EventDate "2024.03.02"]

1. d4 d5 2. c4 e6 3. Nc3 Nf6 4. cxd5 exd5 5. Bg5 c6 6. e3 Be7 7. Bd3 O-O 8. Nf3 Nbd7
9. O-O Re8 10. Qc2 Nf8 11. h3 Ne4 12. Bf4 Nxc3 13. bxc3 Bd6 14. Bxd6 Qxd6 15. c4
Be6 16. cxd5 cxd5 17. Qb3 Rab8 18. Rac1 Ng6 19. Bxg6 hxg6 20. Ne5 Kh7 21. Rc3 f6
22. Nd3 b6 23. Rfc1 Rec8 24. Nf4 Rxc3 25. Rxc3 Bf7 26. Qc2 Rb7 27. h4 Qe7 28. Rc8
Qe4 29. Qc6 Re7 30. Qa8 Re8 31. Rxe8 Bxe8 32. Nxd5 Qb1+ 33. Kh2 Bf7 34. Nc3 Qc2 35.
Qxa7 Qxf2 36. Qxf7 1/2-1/2

[Event "2024 British Rapidplay Championship"]
[Site "Holiday Inn Peterborough - West"]
[Date "2024.03.03"]
[Round "7.6"]
[White "Dougherty, Michael"]
[Black "Willow, Jonah B"]
[Result "0-1"]
[WhiteFideId "2601559"]
[BlackFideId "438804"]
[WhiteElo "2030"]
[BlackElo "2295"]
[EventDate "2024.03.02"]

1. d4 Nf6 2. Nf3 c5 3. e3 g6 4. Be2 Bg7 5. O-O O-O 6. dxc5 Qa5 7. a3 Qxc5 8. b4 Qc7
9. Bb2 b6 10. c4 Bb7 11. Nc3 a6 12. Rc1 e6 13. Qd4 Nc6 14. Qh4 Ne7 15. Rfd1 Nf5 16.
Qf4 d6 17. c5 Nh5 18. cxd6 Nxf4 19. dxc7 Nxe2+ 20. Nxe2 Bxb2 0-1

[Event "2024 British Rapidplay Championship"]
[Site "Holiday Inn Peterborough - West"]
[Date "2024.03.03"]
[Round "7.7"]
[White "Nawalaniec, Adam"]
[Black "Kanyamarala, Tarun"]
[Result "0-1"]
[WhiteFideId "21023786"]
[BlackFideId "45004714"]
[WhiteElo "1977"]
[BlackElo "2266"]
[EventDate "2024.03.02"]

1. e4 c5 2. Nf3 Nc6 3. c4 e5 4. Nc3 d6 5. d3 g6 6. Be2 Bg7 7. O-O Nge7 8. Nd5 O-O
9. Bd2 h6 10. a3 f5 11. b4 f4 12. h3 Be6 13. b5 Nb8 14. Ne1 Nd7 15. Bg4 Bf7 16. g3
Nxd5 17. cxd5 Nf6 18. Ng2 h5 19. Be2 Qd7 20. Kh2 fxg3+ 21. fxg3 Qxb5 22. Bg5 Be8
23. d4 Qb6 24. Rb1 Qc7 25. dxe5 Nxe4 26. Rxf8+ Bxf8 27. Be3 Nc3 28. Qc2 Nxb1 29.
Qxb1 dxe5 30. Bc4 Bd6 31. a4 Rb8 32. Nh4 Kh7 33. g4 Qe7 34. Qe1 e4+ 35. Kg2 Qe5 36.
gxh5 Qh2+ 37. Kf1 Qxh3+ 38. Ke2 gxh5 39. Kd2 Bg3 0-1

[Event "2024 British Rapidplay Championship"]
[Site "Holiday Inn Peterborough - West"]
[Date "2024.03.03"]
[Round "7.8"]
[White "Kanyamarala, Trisha"]
[Black "Gormally, Daniel W"]
[Result "0-1"]
[WhiteFideId "45004722"]
[BlackFideId "406465"]
[WhiteElo "2073"]
[BlackElo "2463"]
[EventDate "2024.03.02"]

1. d4 Nf6 2. c4 g6 3. Nc3 Bg7 4. e4 d6 5. Bd3 O-O 6. Nge2 Nc6 7. O-O Nd7 8. Bc2 a5
9. a3 e5 10. d5 Nd4 11. Nxd4 exd4 12. Ne2 Ne5 13. Nxd4 Nxc4 14. Rb1 Qf6 15. Ne2 c6
16. b3 Ne5 17. f4 Nd7 18. Bb2 Qe7 19. Bxg7 Kxg7 20. Qd4+ Nf6 21. Ng3 Kg8 22. Rbe1
Bd7 23. dxc6 Bxc6 24. e5 dxe5 25. fxe5 Nd7 26. Kh1 Qxa3 27. Qg4 Qb2 28. Re2 Nxe5
29. Qg5 f6 30. Qh6 Ng4 31. Qh4 Qd4 32. Be4 f5 33. h3 Nf6 34. Nxf5 gxf5 35. Qg5+ Kh8
36. Bxf5 Ne4 37. Qh4 Rf7 38. Rf4 Qe5 39. Rexe4 Bxe4 40. Rxe4 Qxf5 41. Rg4 Re8 0-1

[Event "2024 British Rapidplay Championship"]
[Site "Holiday Inn Peterborough - West"]
[Date "2024.03.03"]
[Round "7.9"]
[White "Harris, Michael"]
[Black "Wells, Peter K"]
[Result "1-0"]
[WhiteFideId "402028"]
[BlackFideId "400327"]
[WhiteElo "2233"]
[BlackElo "2440"]
[EventDate "2024.03.02"]

1. d4 Nf6 2. c4 e6 3. Nf3 d5 4. g3 Bb4+ 5. Bd2 Be7 6. Bg2 c6 7. Qc2 Nbd7 8. O-O O-O
9. Bf4 a5 10. Nbd2 Nh5 11. Nb3 Nxf4 12. gxf4 dxc4 13. Qxc4 Nb6 14. Qc2 Nd5 15. e3
f6 16. a3 Bd6 17. Nc5 Qe8 18. Nd3 Qh5 19. Rac1 h6 20. Kh1 g5 21. Rg1 Kh8 22. Nd2
gxf4 23. Bf3 Qf7 24. e4 Ne7 25. e5 fxe5 26. Ne4 Bc7 27. Nxe5 Qh7 28. Rg4 Bxe5 29.
dxe5 Nd5 30. Rcg1 Bd7 31. Qb3 b6 32. Nf6 Nxf6 33. exf6 Rxf6 34. Qc3 Raf8 35. Rg6
1-0

[Event "2024 British Rapidplay Championship"]
[Site "Holiday Inn Peterborough - West"]
[Date "2024.03.03"]
[Round "7.10"]
[White "Hunt, Harriet V"]
[Black "Moreby, James E"]
[Result "1-0"]
[WhiteFideId "403512"]
[BlackFideId "427756"]
[WhiteElo "2342"]
[BlackElo "2248"]
[EventDate "2024.03.02"]

1. e4 g6 2. d4 Bg7 3. Nf3 d6 4. Bc4 a6 5. a4 e6 6. Ba2 Ne7 7. O-O O-O 8. h3 b5 9.
Nc3 Bb7 10. d5 b4 11. Ne2 e5 12. Bd2 a5 13. c3 Na6 14. Bc4 Rb8 15. Re1 h6 16. Ng3
Bc8 17. Qe2 Nc5 18. cxb4 axb4 19. Be3 Nd7 20. a5 f5 21. exf5 gxf5 22. Nh5 f4 23.
Nxg7 Kxg7 24. Bd2 Nf6 25. Bxf4 Nexd5 26. Bd2 c5 27. a6 Ra8 28. Nh2 Nb6 29. Bb5 Ra7
30. Qe3 Rh8 31. Qg3+ Kf8 32. Qh4 Kg7 33. Re3 Nfd5 34. Rg3+ Kf7 35. Qh5+ Ke6 36. Rg6+
Nf6 37. Ng4 Rf7 38. Nxh6 Ke7 39. Qh4 Nbd5 40. Bg5 Bf5 41. Nxf5+ Ke6 42. Nh6 Nc7 43.
Qg4+ Ke7 44. Nxf7 Kxf7 45. Qf5 Nxb5 46. Rxf6+ Kg8 47. Rg6+ Kh7 48. Qf7# 1-0

[Event "2024 British Rapidplay Championship"]
[Site "Holiday Inn Peterborough - West"]
[Date "2024.03.03"]
[Round "7.11"]
[White "Birtwistle, Nigel"]
[Black "Jones, Steven A"]
[Result "0-1"]
[WhiteFideId "406945"]
[BlackFideId "419630"]
[WhiteElo "2114"]
[BlackElo "2194"]
[EventDate "2024.03.02"]

1. Nf3 Nf6 2. d4 g6 3. c4 Bg7 4. Nc3 d5 5. cxd5 Nxd5 6. Qb3 Nxc3 7. bxc3 O-O 8. e3
c5 9. Be2 Qc7 10. O-O Be6 11. Qa3 b6 12. Bd2 Bd5 13. Rac1 Nd7 14. Rfd1 Rad8 15. c4
Bxf3 16. Bxf3 cxd4 17. exd4 Bxd4 18. Bh6 Bg7 19. Bxg7 Kxg7 20. Qxe7 Rfe8 21. Qb4
Ne5 22. Bd5 Ng4 23. Qc3+ Qe5 24. Qxe5+ Rxe5 25. Bf3 Rxd1+ 26. Rxd1 Nf6 27. g3 Ra5
28. Rd2 Ra4 29. Rc2 Ra3 30. Kg2 Nd7 31. Rd2 Ne5 32. Bd5 Rc3 33. Rd4 Rc2 34. a4 f5
35. h3 Ra2 36. Ba8 Rxa4 37. f4 Rxc4 38. Rd6 Rc2+ 39. Kf1 Nc4 40. Rd7+ Kf6 41. Rxa7
h5 42. Kg1 Rd2 43. Rc7 b5 44. Rc5 Nd6 45. h4 b4 46. Bd5 Rd3 47. Bc4 0-1

[Event "2024 British Rapidplay Championship"]
[Site "Holiday Inn Peterborough - West"]
[Date "2024.03.03"]
[Round "7.12"]
[White "Bowcott-Terry, Finlay"]
[Black "Burrows, Martin P"]
[Result "1-0"]
[WhiteFideId "449199"]
[BlackFideId "409057"]
[WhiteElo "2055"]
[BlackElo "2057"]
[EventDate "2024.03.02"]

1. e4 c5 2. Nf3 d6 3. d4 cxd4 4. Qxd4 Nc6 5. Bb5 Bd7 6. Bxc6 Bxc6 7. Nc3 e5 8. Qd3
h6 9. Be3 Nf6 10. O-O Be7 11. Rad1 O-O 12. Qc4 Qa5 13. b4 Qd8 14. Nxe5 Be8 15. Qb3
Qc8 16. Nf3 Bc6 17. Nd2 b5 18. Bd4 Qb7 19. Rfe1 Rfe8 20. f3 Nd7 21. Nf1 Ne5 22. Ne3
Bh4 23. Rf1 Rac8 24. Nf5 Be7 25. Bxe5 dxe5 26. Kh1 Bd7 27. Ne3 Be6 28. Ncd5 Bf8 29.
Qb2 Bxd5 30. Nxd5 Rc4 31. c3 Kh8 32. Qe2 Rec8 33. Qf2 Be7 34. Qg3 Bg5 35. Qxe5 R4c6
36. Qg3 Rg6 37. Qf2 h5 38. f4 Bd8 39. f5 Rh6 40. Rd3 Bf6 41. Qe2 Be5 42. Rh3 h4 43.
Qf2 Kg8 44. Rxh4 Rhc6 45. f6 Bxf6 46. Rf4 Rf8 47. Nxf6+ Rxf6 48. Rxf6 gxf6 49. Qg3+
Kh7 50. Rf4 1-0

[Event "2024 British Rapidplay Championship"]
[Site "Holiday Inn Peterborough - West"]
[Date "2024.03.03"]
[Round "7.13"]
[White "Badacsonyi, Stanley"]
[Black "Cancedda-Dupuis, Livio"]
[Result "1-0"]
[WhiteFideId "486973"]
[BlackFideId "499447"]
[WhiteElo "2105"]
[BlackElo "1960"]
[EventDate "2024.03.02"]

1. d4 Nf6 2. Nc3 d5 3. Bf4 c6 4. e3 Bf5 5. f3 h6 6. g4 Bg6 7. Bd3 Bxd3 8. Qxd3 e6
9. Nge2 Bd6 10. O-O-O Qc7 11. h4 Nbd7 12. g5 Nh5 13. Bxd6 Qxd6 14. e4 Nf4 15. Qe3
hxg5 16. hxg5 Nxe2+ 17. Nxe2 O-O-O 18. e5 Qe7 19. f4 Rdg8 20. c3 Kc7 21. Ng3 f6 22.
exf6 gxf6 23. Nf5 Qe8 24. Rxh8 Rxh8 25. Ng7 Qf7 26. Nxe6+ Kc8 27. f5 fxg5 28. Qxg5
Rg8 29. Qf4 Nf6 30. Rh1 Ne4 31. Kb1 Re8 32. Qe5 Ng3 33. Rh8 Qxe6 34. Rf8 1-0

[Event "2024 British Rapidplay Championship"]
[Site "Holiday Inn Peterborough - West"]
[Date "2024.03.03"]
[Round "7.14"]
[White "Hng, Mei-En Emmanuelle"]
[Black "Eckersley-Waites, Tom"]
[Result "0-1"]
[WhiteFideId "5804566"]
[BlackFideId "412449"]
[WhiteElo "1974"]
[BlackElo "2264"]
[EventDate "2024.03.02"]

1. Nf3 d5 2. c4 e6 3. d4 Nf6 4. Nc3 Bb4 5. Bg5 Nbd7 6. e3 c5 7. Bd3 Qa5 8. O-O cxd4
9. exd4 Bxc3 10. bxc3 dxc4 11. Bxc4 O-O 12. Qc2 h6 13. Bd2 b6 14. a4 Ba6 15. Bxa6
Qxa6 16. c4 Rfc8 17. Rfc1 Qb7 18. Re1 Rc6 19. Ne5 Nxe5 20. dxe5 Nd7 21. Qe4 Rac8
22. Bxh6 gxh6 23. Qg4+ Kf8 24. Qh5 Rxc4 25. Qxh6+ Ke8 26. Rad1 Re4 27. Rf1 Nxe5 28.
f3 Re2 29. Qh8+ Ke7 30. Qh4+ f6 31. Qh7+ Nf7 32. Rf2 Rxf2 33. Kxf2 Qc7 34. Kg1 Rh8
35. Qd3 Qxh2+ 36. Kf2 Qe5 37. Qd7+ Kf8 38. Rd4 f5 39. Qc8+ Kg7 40. Qd7 Rd8 41. Qxf7+
Kxf7 42. Rxd8 Qc5+ 43. Kf1 Qc1+ 44. Kf2 Qc5+ 45. Kf1 Qc4+ 46. Kf2 Qxa4 47. Rb8 b5
48. Rb7+ Kf6 49. Kg3 Qa6 50. Rh7 Kg6 51. Rh8 Qd6+ 52. Kh3 b4 53. g4 fxg4+ 54. fxg4
b3 0-1